Văn học phương Tây

Lịch sử văn học, các nhà văn và tác phẩm của nền văn học phương Tây: văn học cổ Hy Lạp, văn học thời Phục Hưng, văn học Pháp thế kỉ 17, 18, 19, 20

সংরক্ষণ করুন:
গ্রন্থ-পঞ্জীর বিবরন
অন্যান্য লেখক: Đặng Anh Đào (Biên soạn)
বিন্যাস: গ্রন্থ
ভাষা:Vietnamese
প্রকাশিত: H. Giáo dục 2009
সংস্করন:Tái bản lần thứ 7
বিষয়গুলি:
ট্যাগগুলো: ট্যাগ যুক্ত করুন
কোনো ট্যাগ নেই, প্রথমজন হিসাবে ট্যাগ করুন!
Thư viện lưu trữ: Mạng thư viện Đại học Đà Nẵng
LEADER 01305nam a2200361 4500
001 000004596
003 735
005 20120405150429.0
008 110727s2009 viesd
020 |c 120000 
041 0 |a vie 
082 |a 808.8  |b VAN 
245 0 |a Văn học phương Tây  |c Đặng Anh Đào... 
250 |a Tái bản lần thứ 7 
260 |a H.  |b Giáo dục  |c 2009 
300 |a 894 tr  |c 24 cm 
520 |a Lịch sử văn học, các nhà văn và tác phẩm của nền văn học phương Tây: văn học cổ Hy Lạp, văn học thời Phục Hưng, văn học Pháp thế kỉ 17, 18, 19, 20 
653 |a Văn học Phương Tây 
653 |a Pháp 
653 |a Hy Lạp 
653 |a Nghiên cứu văn học 
700 |a Đặng Anh Đào  |e Biên soạn 
910 |a Nguyễn Thị Kim Oanh  |d 18/ 07/ 2011 
OWN |a LSP 
AVA |a UDN50  |b LSP  |d 808.8 VAN  |e check_holdings  |t Error 5003 Not defined in file expand_doc_bib_avail.  |h N  |k 1 
999 |a From the UDN01 
AVA |a UDN50  |b LSP  |d 808.8 VAN  |e available  |t Error 5001 Not defined in file expand_doc_bib_avail.  |f 52  |g 22  |h N  |i 172  |k 1 
TYP |a Monograph 
TYP |a Printed language 
980 |a Mạng thư viện Đại học Đà Nẵng